La misa: aproximación al misterio
Salvato in:
| Autore principale: | |
|---|---|
| Natura: | Libro |
| Lingua: | spagnolo |
| Pubblicazione: |
Barcelona
Estela
1964
|
| Edizione: | 4a. ed |
| Soggetti: | |
| Tags: |
Aggiungi Tag
Nessun Tag, puoi essere il primo ad aggiungerne!!
|
MARC
| LEADER | 00000nam a2200000 a 4500 | ||
|---|---|---|---|
| 001 | UCR1760 | ||
| 003 | CL-VaPUC | ||
| 008 | 971219e19640000SP |||||||||||||||||spa|d | ||
| 082 | 0 | 4 | |a 264.36 |b ROG |2 21 |
| 100 | 0 | |a Roguet, A. M |e author |9 399218 | |
| 245 | 1 | 3 | |a La misa: aproximación al misterio |
| 250 | |a 4a. ed | ||
| 300 | |a 151 p | ||
| 942 | |c BK | ||
| 945 | |d 19971219 00:00:00 |a jquezada | ||
| 260 | |a Barcelona |b Estela |c 1964 | ||
| 650 | 0 | |a Eucaristía |9 257336 | |
| 650 | 0 | |a Misa |9 329325 | |
| 650 | 7 | |a CANTOS |2 CL-VaPUC |9 399219 | |
| 650 | 7 | |a OFRENDAS |2 CL-VaPUC |9 399220 | |
| 650 | 7 | |a CARIDAD |2 CL-VaPUC |9 307339 | |
| 650 | 0 | |a Amor |9 257817 | |
| 650 | 7 | |a SACRIFICIO |2 CL-VaPUC |9 399221 | |
| 650 | 7 | |a RESURRECCION |2 CL-VaPUC |9 314406 | |
| 650 | 0 | |a Oración |9 313348 | |
| 583 | |a last modification |c 19971219 00:00:00 |k Rodrigo Vera | ||
| 999 | |c 265125 |d 265123 | ||
| 952 | |0 0 |1 0 |4 0 |6 264_360000000000000_ROG_1964 |7 0 |8 A |9 295938 |a BIBTEO |b BIBTEO |d 2019-11-20 |i 3372677 |o 264.36 ROG 1964 |p 3372677 |r 2025-01-17 |w 2019-11-20 |y BK |k ICR | ||